|
|
|
|
| LEADER |
00000nab a2200000 a 4500 |
| 001 |
vtls000215138 |
| 003 |
SK-MaSNL |
| 005 |
20260302203829.0 |
| 008 |
150409c1985 xo 0 slo |
| 015 |
|
|
|a SNBRB19rr/mm-uuuuu
|
| 035 |
|
|
|a CL0225252
|
| 040 |
|
|
|a SNKBUCL
|b slo
|c SNKBUCL
|e AACR2
|
| 041 |
0 |
|
|a slo
|
| 044 |
|
|
|a xo
|c SK
|
| 080 |
|
|
|a 331.01
|2 1981
|
| 100 |
1 |
|
|a Stanek, Vojtech,
|d 1943-
|4 aut
|9 92712
|
| 245 |
1 |
0 |
|a Jozef Mihalik: Ekonomika práce
|c Vojtech Stanek ; Jozef Mihalik
|
| 650 |
0 |
7 |
|a ekonomika práce
|2 snkbucl
|9 49958
|
| 655 |
|
7 |
|a články z novín a časopisov
|2 snkbucl
|9 267496
|
| 700 |
1 |
|
|a Mihalik, Jozef
|4 aut
|9 276778
|
| 773 |
0 |
|
|t Ekonomika práce
|g Č. 2 (1985), s. 61-63
|
| 787 |
0 |
8 |
|i Rec.:
|a Mihalik, Jozef
|t Ekonomika práce
|d Bratislava : Práca, 1984
|
| 850 |
|
|
|a Slovenská národná knižnica v Martine
|a MTA001
|
| 852 |
|
|
|a SNK
|b KIS3GCP
|
| 958 |
|
|
|a RK
|
| 992 |
|
|
|a RBX
|
| 999 |
|
|
|c 1470813
|d 1472743
|